000 00735cam a22002533a 4500
001 28676
003 PGUSA
005 20140828083623.0
008 090503s2009||||xxu|||||s|||||000 | eng d
040 _aPGUSA
_beng
042 _adc
050 4 _aDG
100 1 _aTrollope, Anthony,
_d1815-1882
245 1 4 _aThe Life of Cicero, Volume II.
_h[electronic resource] /
_cAnthony Trollope
260 _bProject Gutenberg,
_c2009
506 _aPublic domain in the USA.
516 _aElectronic text
653 _aStatesmen -- Rome -- Biography
653 _aAuthors, Latin -- Biography
653 _aCicero, Marcus Tullius
830 0 _aProject Gutenberg
_v28676
856 4 0 _uhttp://www.gutenberg.org/ebooks/28676
942 _cEB
999 _c257931
_d257931